000 00853nas a2200253 4500
001 BR0800787
003 BR-BrBNA
005 20231205111602.0
007 ta
008 230509b bl.|||p| |||| 00| 00por d
040 _aBR-BrBNA
_bpor
_cBiblioteca Nacional de Agricultura
041 _a(Pt)
072 _aL53; L10
100 1 _aRodrigues, C.V.
100 1 _aPinheiro, L.E.L.
100 1 _aGuimarães, S.E.F.
245 1 _aMecanismos genéticos do crescimento e da lactação em bovinos relacionados ao hormônio de crescimento (GH)e aos fatores envolvidos na sua ação
650 _aBOVINO
650 _aLACTAÇÃO
650 _aHORMÔNIO
773 0 _tRevista Brasileira de Reprodução Animal (Brazil)
_xISSN 0102-0803
_g(Jan-Mar 1998), v. 22(1) p. 27-35
_wBR0800787
909 _a202311
_bLúcia
_c55
_dLúcia Elande
942 _2AGRIS
_n0
_cANA
999 _c193415
_d193415